[Event "RUS Cup Qualifier 1"]
[Site "chessassistantclub.com INT"]
[Date "2004.09.07"]
[Round "?"]
[White "Nikiforov, Andrej"]
[Black "Oganian, Roman"]
[Result "1-0"]
[WhiteElo "2051"]
[BlackElo "2215"]
[PlyCount "127"]
[EventDate "2004.09.07"]
[EventType "swiss (blitz)"]
[EventRounds "13"]
[EventCountry "RUS"]
[SourceTitle "EXT 2006"]
[Source "ChessBase"]
[SourceDate "2005.11.24"]
[SourceVersion "1"]
[SourceVersionDate "2005.11.24"]
[SourceQuality "1"]

1. e4 c5 2. Nf3 d6 3. d4 cxd4 4. Qxd4 Nc6 5. Bb5 Bd7 6. Bxc6 Bxc6 7. Nc3 Nf6 8. Bg5 h6 9. Bh4 Qb6 10. Qxb6 axb6 11. Nd2 g5 12. Bg3 Nh5 13. Nd1 Bg7 14. f3 Nxg3 15. hxg3 Kd7 16. c3 b5 17. a3 d5 18. exd5 Bxd5 19. Ne3 Be6 20. Ne4 Kc6 21. g4 Rad8 22. Nc2 f5 23. Nb4+ Kb6 24. gxf5 Bxf5 25. Ng3 Bg6 26. Ke2 Be5 27. Ne4 Bxe4 28. fxe4 e6 29. Rad1 Rxd1 30. Rxd1 h5 31. Nd3 Bg3 32. Kf3 Bc7 33. e5 Rf8+ 34. Ke4 h4 35. Rh1 Rf5 36. Rh3 Ka5 37. b3 Rf1 38. Re3 Bb6 39. Re2 Bc7 40. Nc5 Rf4+ 41. Kd3 Rg4 42. Nxe6 Rg3+ 43. Ke4 Bb6 44. b4+ Ka6 45. Nc5+ Bxc5 46. bxc5 g4 47. Kf4 Rxc3 48. Kxg4 Rc4+ 49. Kg5 Rxc5 50. Kxh4 Rc7 51. e6 Re7 52. Kg5 Ka5 53. Kf6 Re8 54. e7 Rh8 55. e8Q Rxe8 56. Rxe8 Ka4 57. Re3 b4 58. axb4 Kxb4 59. g4 b5 60. g5 Kc4 61. g6 Kd4 62. Rh3 b4 63. g7 Kc4 64. g8Q+ 1-0

[Event "RUS Cup Qualifier 1"]
[Site "chessassistantclub.com INT"]
[Date "2004.09.07"]
[Round "?"]
[White "Oganian, Roman"]
[Black "Zakurdjaeva, Irina"]
[Result "1-0"]
[WhiteElo "2215"]
[BlackElo "2241"]
[PlyCount "103"]
[EventDate "2004.09.07"]
[EventType "swiss (blitz)"]
[EventRounds "13"]
[EventCountry "RUS"]
[SourceTitle "EXT 2006"]
[Source "ChessBase"]
[SourceDate "2005.11.24"]
[SourceVersion "1"]
[SourceVersionDate "2005.11.24"]
[SourceQuality "1"]

1. d4 d5 2. c4 e6 3. Nc3 c6 4. cxd5 exd5 5. Bf4 Nf6 6. e3 Bd6 7. Bg3 Bf5 8. Qb3 Bxg3 9. hxg3 Qb6 10. Qxb6 axb6 11. Nf3 Nbd7 12. Be2 h6 13. 0-0 0-0 14. Rfc1 b5 15. a4 b4 16. Nb1 Nb6 17. b3 Ne4 18. Nfd2 Nd6 19. Nf3 Bxb1 20. Rcxb1 Ne4 21. Bd3 Nc3 22. Rc1 Nd7 23. Nd2 Rfe8 24. Nb1 Ne4 25. Bxe4 Rxe4 26. Nd2 Ree8 27. Kf1 f5 28. Ke2 Nf6 29. Rc2 Kf7 30. Rca2 Ra5 31. Rc1 g5 32. Rac2 f4 33. gxf4 gxf4 34. Kf3 fxe3 35. fxe3 Raa8 36. Rf1 Kg6 37. Ke2 Ng4 38. Rf3 Re6 39. Nf1 Rae8 40. Kd3 Nf6 41. a5 Ne4 42. a6 bxa6 43. Ra2 c5 44. dxc5 Nxc5+ 45. Kd4 Nxb3+ 46. Kxd5 a5 47. Rg3+ Kf5 48. Rf3+ Kg6 49. Ng3 Kg5 50. Nf1 Re5+ 51. Kc6 Rc5+ 52. Kd7 1-0